Rapid microbiological methods in the pharmaceutical industry / (Record no. 330311)
[ view plain ]
| 000 -LEADER | |
|---|---|
| fixed length control field | 02381cam a2200325 a 4500 |
| 001 - CONTROL NUMBER | |
| control field | 12961496 |
| 003 - CONTROL NUMBER IDENTIFIER | |
| control field | NUST |
| 005 - DATE AND TIME OF LATEST TRANSACTION | |
| control field | 20170620121312.0 |
| 008 - FIXED-LENGTH DATA ELEMENTS--GENERAL INFORMATION | |
| fixed length control field | 021007s2003 flua b 001 0 eng |
| 010 ## - LIBRARY OF CONGRESS CONTROL NUMBER | |
| LC control number | 2002151530 |
| 020 ## - INTERNATIONAL STANDARD BOOK NUMBER | |
| International Standard Book Number | 1574911414 (alk. paper) |
| 035 ## - SYSTEM CONTROL NUMBER | |
| System control number | (DNLM)101156423 |
| 040 ## - CATALOGING SOURCE | |
| Original cataloging agency | DNLM/DLC |
| Transcribing agency | DLC |
| Modifying agency | DLC |
| 042 ## - AUTHENTICATION CODE | |
| Authentication code | pcc |
| 050 00 - LIBRARY OF CONGRESS CALL NUMBER | |
| Classification number | QR46.5 |
| Item number | .R365 2003 |
| 060 10 - NATIONAL LIBRARY OF MEDICINE CALL NUMBER | |
| Classification number | QV 778 |
| Item number | R218 2003 |
| 082 00 - DEWEY DECIMAL CLASSIFICATION NUMBER | |
| Classification number | 615.19 MAR |
| Edition number | 21 |
| 245 00 - TITLE STATEMENT | |
| Title | Rapid microbiological methods in the pharmaceutical industry / |
| Statement of responsibility, etc. | edited by Martin C. Easter. |
| 260 ## - PUBLICATION, DISTRIBUTION, ETC. | |
| Place of publication, distribution, etc. | Boca Raton, Fla. : |
| Name of publisher, distributor, etc. | Interpharm/CRC, |
| Date of publication, distribution, etc. | c2003. |
| 300 ## - PHYSICAL DESCRIPTION | |
| Extent | ix, 277 p. : |
| Other physical details | ill. ; |
| Dimensions | 27 cm. |
| 500 ## - GENERAL NOTE | |
| General note | H.B |
| 504 ## - BIBLIOGRAPHY, ETC. NOTE | |
| Bibliography, etc. note | Includes bibliographical references and index. |
| 505 0# - FORMATTED CONTENTS NOTE | |
| Formatted contents note | Historical perspective on methods development / Anthony M. Cundell -- Microbiological methods of the pharmacopoeia : growth and recovery of microorganisms from pharmaceutical manufacturing environments / Klaus Haberer and Marc W. Mittelmann -- Overview of alternative rapid microbiological technologies / Paul J. Newby and Bob Johnson -- Labor-saving devices and automation of traditional methods / Peter Silley and A.N. Sharpe -- ATP bioluminescence and its use in pharmaceutical microbiology / Kirsty Wills -- Impedance / Peter Silley and Fiona Mortimer -- Traditional and automated rapid methods for species identification and typing / Kevin Tyler and Jeffrey M. Farber -- Techniques for detection of specific organisms and potential for DNA-based technologies / Richard Owen -- Alternative technologies and sterility testing / Amy Meszaros -- Limulus endotoxin test / Thomas J. Novitsky and H. Donald Hochstein -- A practical guide to validation / Kirsty Wills -- Regulatory recognition and acceptance / Edward A. Fitzgerald -- New technologies for microbiological assays / Larry J. Kricka. |
| 650 #0 - SUBJECT ADDED ENTRY--TOPICAL TERM | |
| Topical term or geographic name entry element | Pharmaceutical microbiology |
| General subdivision | Methodology. |
| 9 (RLIN) | 2895 |
| 650 12 - SUBJECT ADDED ENTRY--TOPICAL TERM | |
| Topical term or geographic name entry element | Microbiological Techniques. |
| 9 (RLIN) | 2721 |
| 650 12 - SUBJECT ADDED ENTRY--TOPICAL TERM | |
| Topical term or geographic name entry element | Technology, Pharmaceutical. |
| 9 (RLIN) | 2896 |
| 700 1# - ADDED ENTRY--PERSONAL NAME | |
| Personal name | Easter, Martin C. |
| 9 (RLIN) | 2897 |
| 856 42 - ELECTRONIC LOCATION AND ACCESS | |
| Materials specified | Publisher description |
| Uniform Resource Identifier | <a href="http://www.loc.gov/catdir/enhancements/fy0646/2002151530-d.html">http://www.loc.gov/catdir/enhancements/fy0646/2002151530-d.html</a> |
| 906 ## - LOCAL DATA ELEMENT F, LDF (RLIN) | |
| a | 7 |
| b | cbc |
| c | orignew |
| d | 1 |
| e | ecip |
| f | 20 |
| g | y-gencatlg |
| 942 ## - ADDED ENTRY ELEMENTS (KOHA) | |
| Source of classification or shelving scheme | |
| Koha item type | Book |
| Call number prefix | IESE |
| Withdrawn status | Lost status | Source of classification or shelving scheme | Damaged status | Not for loan | Collection code | Permanent Location | Current Location | Shelving location | Date acquired | Total Checkouts | Full call number | Barcode | Date last seen | Price effective from | Koha item type |
|---|---|---|---|---|---|---|---|---|---|---|---|---|---|---|---|
| Institute of Environmental Science and Engineering (IESE) | Institute of Environmental Science and Engineering (IESE) | General Stacks | 06/20/2017 | 615.19 MAR | IESE-1154 | 06/20/2017 | 06/20/2017 | Book |
